Účtovné zobrazenie zníženia hodnoty majetku prostredníctvom opravných položiek v podnikateľskej účtovnej jednotke bakalárska práca

Uložené v:
Podrobná bibliografia
Hlavný autor: Kalabová, Monika
Korporativný autor: Fakulta hospodárskej informatiky EU. Katedra účtovníctva a audítorstva
Ďalší autori: Blahušiaková, Miriama, 1980-
Médium: Kniha
Jazyk:Slovak
Vydavateľské údaje: Bratislava 2016
Tagy: Pridať tag
Žiadne tagy, Buďte prvý, kto otaguje tento záznam!

MARC

LEADER 00000nbm a2200000 4500
001 0219082
005 20240903101435.1
041 0 |a slo 
044 |a SK 
245 1 0 |a Účtovné zobrazenie zníženia hodnoty majetku prostredníctvom opravných položiek v podnikateľskej účtovnej jednotke  |b bakalárska práca  |c Monika Kalabová ; školiteľ: Miriama Blahušiaková 
264 1 |a Bratislava  |c 2016 
300 |a 44 s. 
100 1 |a Kalabová, Monika 
700 1 |a Blahušiaková, Miriama, 1980- 
710 2 |a Fakulta hospodárskej informatiky EU. Katedra účtovníctva a audítorstva